| 000 | 00464nam a22001577a 4500 | ||
|---|---|---|---|
| 020 | _a8178085712 | ||
| 040 | _cNUST | ||
| 082 |
_a519.23 _bSTA |
||
| 100 |
_aStark, Henry _965918 |
||
| 110 |
_aWoods, John W. _9125269 |
||
| 245 | _aProbability and Random Processes with Applications to Signal Processing | ||
| 250 | _a3rd Edition | ||
| 260 |
_aSingapore: _bPearson Education Asia, _c2002. |
||
| 650 |
_aProbability and Random Processes _9125270 |
||
| 942 |
_2ddc _cBK |
||
| 999 |
_c611033 _d611033 |
||